|
|
|
|
| LEADER |
00000nas a2200000 a 4500 |
| 001 |
ssj0027710 |
| 003 |
WaSeSS |
| 005 |
20200512172242.0 |
| 006 |
m d |
| 007 |
cr n |
| 008 |
040428c19959999enktr pss o 0 0eng c |
| 010 |
|
|
|a 2004699018
|
| 022 |
|
|
|a 1741-0797
|y 1362-6620
|
| 035 |
|
|
|a (WaSeSS)ssj0027710
|
| 037 |
|
|
|b Lawrence & Wishart Ltd, 99a Wallis Rd, London, E9 5LN United Kingdom
|
| 040 |
|
|
|a CUS
|b eng
|c CUS
|d OCLCQ
|d TXA
|d OCLCF
|d OCLCO
|d OCLCQ
|d NTG
|d CNTRU
|d VT2
|d WaSeSS
|
| 042 |
|
|
|a pcc
|
| 050 |
|
4 |
|a HN1
|b .S645
|
| 082 |
0 |
4 |
|a 306/.05
|2 21
|
| 130 |
0 |
|
|a Soundings (London, England : Online)
|
| 245 |
1 |
0 |
|a Soundings
|h [electronic resource] :
|b a journal of politics and culture.
|
| 260 |
|
|
|a London :
|b Lawrence & Wishart,
|c [1995]-
|
| 310 |
|
|
|a Three times a year
|
| 362 |
1 |
|
|a Print began with issue 1 (autumn 1995).
|
| 500 |
|
|
|a Some issues also have a theme title.
|
| 506 |
|
|
|a License restrictions may limit access.
|
| 538 |
|
|
|a Mode of access: World Wide Web.
|
| 588 |
|
|
|a Description based on: Issue 1 (autumn 1995); title from PDF cover (Barry Amiel & Norman Melburntrust, viewed Nov. 4, 2013).
|
| 588 |
|
|
|a Latest issue consulted: Issue 54 (summer 2013) (Project MUSE, viewed Nov. 4, 2013).
|
| 650 |
|
0 |
|a Social history
|v Periodicals.
|
| 650 |
|
0 |
|a Politics and culture
|v Periodicals.
|
| 650 |
|
0 |
|a Capitalism
|v Periodicals.
|
| 650 |
|
0 |
|a Social movements
|v Periodicals.
|
| 650 |
|
0 |
|a Radicalism
|v Periodicals.
|
| 650 |
|
7 |
|a Capitalism.
|2 fast
|0 (OCoLC)fst00846425
|
| 650 |
|
7 |
|a Politics and culture.
|2 fast
|0 (OCoLC)fst01069952
|
| 650 |
|
7 |
|a Radicalism.
|2 fast
|0 (OCoLC)fst01087015
|
| 650 |
|
7 |
|a Social history.
|2 fast
|0 (OCoLC)fst01122498
|
| 650 |
|
7 |
|a Social movements.
|2 fast
|0 (OCoLC)fst01122657
|
| 655 |
|
0 |
|a Electronic journals.
|
| 776 |
0 |
8 |
|i Print version:
|t Soundings (London, England)
|x 1362-6620
|w (DLC) 98646903
|w (OCoLC)35052803
|
| 856 |
4 |
0 |
|z Full text available from Research Library: 04/01/2007 to present
|u https://search.proquest.com/publication/28404
|